| 000 | 00980cam a22003017a 4500 | ||
|---|---|---|---|
| 003 | CHAP | ||
| 005 | 20220329141806.0 | ||
| 008 | 971013s1971 r 00010 d | ||
| 010 | _a73877 | ||
| 011 | _a74849 | ||
| 035 | _a84408 | ||
| 040 | _cCHAP | ||
| 082 |
_a658.05 _bH3 |
||
| 100 | 0 | 0 |
_aHarold, Frederick G. _952792 |
| 245 | 1 | 2 | _aA handbook for orienting the manager to the computer |
| 260 |
_aPrinceton : _bAuerbach, _c1971 |
||
| 300 |
_a247 p. _b: ilus. |
||
| 590 |
_aBATCH-UPD _b10 _c20130110 _lUCH01 _h0621 |
||
| 590 |
_aBATCH-UPD _b10 _c20130410 _lUCH01 _h0304 |
||
| 590 |
_aBATCH-UPD _b10 _c20130913 _lUCH01 _h1945 |
||
| 590 |
_aCONVERSION _b10 _c20130109 _lUCH01 _h1340 |
||
| 650 | 1 | 4 |
_aAdministración de empresas. _9922 |
| 650 | 1 | 4 |
_aCalculadoras electrónicas. _917344 |
| 650 | 1 | 4 |
_aProcesamiento automático de datos en administración de empresas. _991748 |
| 901 | _aBK | ||
| 942 | _cLIBRO | ||
| 949 |
_a658.05 H3 _bBC _cLIBRO _d33724000128179 _eLIBRO _h40605 _i84408 _si |
||
| 999 |
_c73877 _d73877 |
||